Kobe Bryant Test - Statistics

General Stats
  • This quiz has been taken 1,585 times
  • The average score is 12 of 15
Answer Stats
q Answer % Correct
team 1 lakers
98%
titles 5
96%
seasons in nba 20
92%
points in last game 60
92%
team drafted by hornets
89%
nickname black mamba
87%
number 1 8
86%
number in scoring 3
84%
number 2 24
82%
the dominate center shaq
82%
last title 2010
78%
draft pick 9
56%
last words mamba out
49%
last injury 2015
48%
dad Joe Bryant
46%
No matching quizzes found
Score Distribution
Percent of People with Each Score
Percentile by Number Answered
Your Score History
You have not taken this quiz